[Event "Aragon-chT Honor Gr II"]
[Site "Aragon"]
[Date "2022.02.19"]
[Round "4.8"]
[White "Vela Frago, Alberto"]
[Black "Carrasquer Alonso, Luis"]
[Result "1/2-1/2"]
[WhiteElo "2153"]
[BlackElo "1822"]
[PlyCount "122"]
[EventDate "2022.01.29"]
[EventType "team-tourn"]
[EventRounds "7"]
[EventCountry "ESP"]
[SourceTitle "EXT 2024"]
[Source "ChessBase"]
[SourceDate "2023.10.10"]
[SourceVersion "1"]
[SourceVersionDate "2023.10.10"]
[SourceQuality "1"]
[WhiteTeam "Casablanca MyInvestor"]
[BlackTeam "Jaque Pirenauto"]
[WhiteTeamCountry "ESP"]
[BlackTeamCountry "ESP"]

1. c4 e5 2. Nc3 Nf6 3. Nf3 d6 4. d4 Nbd7 5. e4 Be7 6. Be2 0-0 7. g4 exd4 8. Nxd4 Ne5 9. Rg1 Kh8 10. f4 Nc6 11. Be3 Re8 12. Nxc6 bxc6 13. Qc2 Bf8 14. 0-0-0 Qe7 15. Bf3 Bb7 16. Bf2 Nd7 17. Rge1 g6 18. g5 Bg7 19. Bg4 f6 20. Qb3 Nb6 21. a4 a5 22. Bxb6 cxb6 23. Qxb6 fxg5 24. e5 d5 25. cxd5 cxd5 26. Nb5 Rab8 27. Nd6 Rf8 28. Kb1 Rxf4 29. h3 Rb4 30. Qxa5 Bc6 31. Rd2 Bxe5 32. Rxe5 Qxd6 33. Re6 Qf4 34. Kc1 Rxb2 35. Qc3+ d4 36. Qxd4+ Qxd4 37. Rxd4 Bg2 38. Re7 R2b7 39. Rxb7 Rxb7 40. a5 Ra7 41. Ra4 Kg7 42. Kb2 Kf6 43. Kc3 h5 44. Bc8 Ke5 45. Kb4 Bc6 46. Ra3 Kd6 47. Rc3 Bd7 48. Bxd7 Kxd7 49. Kb5 Rc7 50. Rg3 Kc8 51. a6 Rf7 52. Rxg5 Rf6 53. Re5 Kb8 54. Re8+ Ka7 55. Re7+ Ka8 56. h4 g5 57. hxg5 Rg6 58. Re5 h4 59. Rf5 h3 60. Rf6 Rxg5+ 61. Kb6 Rg8 1/2-1/2

[Event "Aragon-chT Preferente Gr-I"]
[Site "Aragon"]
[Date "2020.02.01"]
[Round "2.49"]
[White "Ciriano Lamban, Alejandro"]
[Black "Carrasquer Alonso, Luis"]
[Result "1-0"]
[WhiteElo "2043"]
[BlackElo "1818"]
[PlyCount "91"]
[EventDate "2020.01.25"]
[EventType "team-tourn"]
[EventRounds "9"]
[EventCountry "ESP"]
[SourceTitle "EXT 2022"]
[Source "ChessBase"]
[SourceDate "2021.10.06"]
[SourceVersion "1"]
[SourceVersionDate "2021.10.06"]
[SourceQuality "1"]
[WhiteTeam "Marcos Frechin"]
[BlackTeam "Jaque II"]
[WhiteTeamCountry "ESP"]
[BlackTeamCountry "ESP"]

1. e4 e5 2. Nf3 Nc6 3. Bb5 a6 4. Ba4 Nf6 5. 0-0 d6 6. Re1 b5 7. Bb3 Na5 8. d4 Nxb3 9. axb3 exd4 10. e5 dxe5 11. Nxe5 Be6 12. Qe2 Be7 13. Rxa6 0-0 14. Nc6 Qd7 15. Nxe7+ Qxe7 16. Rxa8 Rxa8 17. Qxb5 Bd7 18. Rxe7 Bxb5 19. Na3 Re8 20. Rxe8+ Bxe8 21. Bf4 c5 22. f3 Bc6 23. Bd6 Nd7 24. Kf2 f6 25. Ke2 Kf7 26. b4 cxb4 27. Bxb4 Ke6 28. Be1 Ne5 29. Bg3 Kd5 30. Bxe5 fxe5 31. Nb1 e4 32. fxe4+ Kxe4 33. Nd2+ Kf4 34. Kd3 Bxg2 35. Kxd4 g5 36. Nc4 g4 37. Ne3 Bb7 38. b4 g3 39. hxg3+ Kxg3 40. Ke5 h5 41. b5 Bc8 42. b6 h4 43. Nf5+ Kg4 44. Nxh4 Kxh4 45. c4 Kg4 46. c5 1-0

[Event "Zaragoza Province-ch Primera"]
[Site "Zaragoza"]
[Date "2015.11.01"]
[Round "5"]
[White "Manguez Tomas, Andres"]
[Black "Carrasquer Alonso, Luis"]
[Result "1/2-1/2"]
[WhiteElo "1744"]
[BlackElo "1647"]
[PlyCount "191"]
[EventDate "2015.09.27"]
[EventType "swiss"]
[EventRounds "6"]
[EventCountry "ESP"]
[SourceTitle "CBM 170 Extra"]
[Source "ChessBase"]
[SourceDate "2016.02.25"]
[SourceVersion "1"]
[SourceVersionDate "2016.02.25"]
[SourceQuality "1"]

1. e4 d5 2. exd5 Qxd5 3. Nc3 Qa5 4. Nf3 Nf6 5. Bc4 Bg4 6. d3 e6 7. a3 Nc6 8. Bb5 a6 9. Bxc6+ bxc6 10. h3 Qh5 11. Bf4 Bd6 12. Bg3 Rb8 13. b3 0-0 14. Qe2 Rfe8 15. 0-0 Bxf3 16. Qxf3 Bxg3 17. Qxg3 Qc5 18. Ne4 Nxe4 19. dxe4 Qxc2 20. Qxc7 Qxe4 21. Rfe1 Qc2 22. Rad1 Qxb3 23. Rb1 Qxb1 24. Rxb1 Rxb1+ 25. Kh2 Reb8 26. Qxc6 R1b6 27. Qe4 g6 28. Qd3 a5 29. Qc3 Rb5 30. a4 Rd5 31. Qc7 Rb4 32. Qc8+ Kg7 33. Qc3+ Kf8 34. Qc8+ Kg7 35. Qc3+ Rdd4 36. Qe3 Rxa4 37. Qe5+ Kf8 38. Qb8+ Ke7 39. Qc7+ Kf6 40. Qc3 Rab4 41. Qf3+ Ke7 42. Qc6 a4 43. Qc7+ Kf6 44. Qc3 Rbc4 45. Qf3+ Rf4 46. Qe3 g5 47. g3 Rfe4 48. Qd3 h6 49. Kg2 Ke5 50. Qd8 Red4 51. Qb8+ Ke4 52. Qb1+ Rd3 53. Qb7+ Kd4 54. Qxf7 Kc3 55. Qxe6 a3 56. Qe5+ Rdd4 57. Qe3+ Kb2 58. Qe2+ Kb3 59. Qe3+ Kb4 60. Qe1+ Rc3 61. Qb1+ Kc4 62. Qa2+ Rb3 63. Qe2+ Kc3 64. Qe3+ Kc4 65. Qe6+ Kc3 66. Qe3+ Rd3 67. Qc5+ Kb2 68. Qe5+ Rdc3 69. Qe2+ Rc2 70. Qe5+ Ka2 71. Qd5 Rcb2 72. h4 Ka1 73. hxg5 hxg5 74. Qd1+ Rb1 75. Qd4+ Ka2 76. Qd2+ R1b2 77. Qd5 Rc2 78. Qxg5 Kb1 79. Qe5 a2 80. Qe1+ Kb2 81. Qe5+ Rcc3 82. Qe2+ Ka3 83. Qa6+ Kb2 84. Qe2+ Rc2 85. Qe5+ Rbc3 86. Qb5+ Kc1 87. Qf1+ Kd2 88. Qa6 Rd3 89. Qa5+ Kd1 90. Qh5+ Kc1 91. Qa5 Rdd2 92. Kh3 Rxf2 93. Qe1+ Kb2 94. Qb4+ Ka1 95. Qe1+ Kb2 96. Qb4+ 1/2-1/2